| 000 | 01013nam a22003137i 4500 | ||
|---|---|---|---|
| 003 | EG-GICUC | ||
| 005 | 20260121101434.0 | ||
| 008 | 251206s1945 uk ||||fr|||| 000 0 eng d | ||
| 040 |
_aEG-GiCUC _beng _cEG-GiCUC _dEG-GiCUC _erda |
||
| 041 | _aeng | ||
| 082 | 0 | 4 |
_221 _a341.22 _bPA . S |
| 092 | 0 | 4 | _221 |
| 099 | _aLaw1 11 341.22 PA . S 1945 | ||
| 100 | 1 |
_aPassos, John Dos _eAuthor. |
|
| 245 | 1 | 0 |
_astate of the Nation / _cJohn Dos Passos ; Illustrated F. Strobel. |
| 264 | 1 |
_aLondon : _bGeorge Routledge&sons, _c1945. |
|
| 300 |
_a316 pages : _bPhotograph ; _c24 cm. |
||
| 336 |
_2rda content _atext |
||
| 337 |
_2rda media _aComputer |
||
| 338 |
_2rda carrier _aOnline Resource |
||
| 504 | _aBibliographic references | ||
| 546 | _aText in English | ||
| 650 | 1 | 4 |
_aSociété des Nations _xDroit international public _2qrmak |
| 651 | 1 | _2qrmak | |
| 700 | 1 |
_aStrobel, F. _eContributor |
|
| 856 | 4 | 0 | _uhttps://fll.law.cu.edu.eg/fulltext/bks/B11-05160.pdf |
| 905 |
_a75 _eHassnaa |
||
| 942 |
_2ddc _cBK _e21 _n0 |
||
| 999 |
_c48665 _d48665 |
||